Statystyki dla Trasa Warszawskiej linii autobusowej 108

Kliknij tutaj aby rozwiązać quiz!

Ogólne statystyki

  • Ten quiz został rozwiązany 11 razy
    (10 od ostatniego zresetowania)
  • Średni wynik to 18 z 36

Statystyki odpowiedzi

DzielnicaPrzystanek% Poprawnych
ŚródmieścieAgrykola
83%
MokotówElektrociepłownia Siekierki
83%
ŚródmieścieKsiążęca
83%
ŚródmieściePlac Trzech Krzyży
83%
ŚródmieściePlac Trzech Krzyży
83%
MokotówSadyba
83%
MokotówAnanasowa
67%
Śródmieście / MokotówBartycka
67%
MokotówBudexpo
67%
MokotówKu Wiśle
67%
MokotówMetro Wilanowska
67%
ŚródmieścieRozbrat
67%
ŚródmieścieSzwoleżerów
67%
Mokotów / WilanówWiertnicza
67%
MokotówAntoniewska
50%
MokotówFigowa
50%
MokotówGoraszewska
50%
MokotówŁososiowa
50%
MokotówOgrody Działkowe Budowlani II
50%
MokotówPrefabet
50%
MokotówSantocka
50%
MokotówSiekierkowska
50%
MokotówAugustówka
33%
ŚródmieścieDragonów
33%
ŚródmieścieŚniegockiej
33%
MokotówStatkowskiego
33%
MokotówZawodzie
33%
MokotówBatumi
17%
Mokotów / UrsynówDolina Służewiecka
17%
MokotówDominikańska
17%
MokotówGąsocińska
17%
MokotówKaloryczna
17%
MokotówKlarysewska
17%
MokotówPodbipięty
17%
MokotówStegny
17%
MokotówŚwiętego Bonifacego
17%

Rozkład punktacji

Percentyl według liczby udzielonych odpowiedzi

Procent ludzi z każdym wynikiem

Twoja historia wyników

Nie rozwiązałeś tego quizu od ostatniego zresetowania